000 00799nam a2200241 4500
003 OSt
005 20240709025955.0
006 a
008 240709b |||||||| |||| 00| 0 eng d
020 _a0471712337
040 _aDWCL-Main lib.
_cOC
082 _aCirc. 621.38375 S121b 2005
100 _aSackinger, Eduard
245 _aBroadband circuits for optical fiber communication /
260 _aN. J. :
_bJohn Wiley & Sons, Inc.,
_cc2005.
300 _axv,
_b436 p. : ill. ;
_c24 cm.
504 _aIncludes bibliographical references and index.
650 _a1. Fiber optics.
650 _a2. Optical communications-Equipment and supplies.
650 _a3. Broadband amplifiers.
650 _a4. Integrated circuits, Very large scale integration.
942 _2ddc
_n0
_cBK-CIRC
_kCirc.
999 _c2133
_d2133